• 首页
  • 本馆介绍
  • 公告通知
  • 最新文献
  • 馆藏检索
  • 电子资源
  • 读者导购
  • 参考咨询
  • 我的图书馆
  • 登录
  • 详细信息显示
  • 放入我的书架
  • 预约/预借图书
  • 作者相关作品
  • 分类相关作品
  • 丛书相关作品
  • 出版社相关作品

书目信息

  • 表格格式
  • 工作单格式
  • 卡片格式
题名:
几何证题探讨
    
 
作者: 蓝莫 编
分册:  
出版信息: 南宁   广西南宁师专数学科  1980
页数: 101页
开本: 26cm
丛书名:
单 册:
中图分类: O123-44
科图分类:
主题词: 初等数学
电子资源:
ISBN:
000 00506nam0 2200193 450
001 0635401937
005 20060819095231.67
010    @dCNY1.04
100    @a20060819d1980 km y0chiy0120 ea
101 0  @achi
102    @aCN@b450000
200 1  @a几何证题探讨@Aji he zheng ti tan tao@f蓝莫编@Flan mo bian
210    @a南宁@c广西南宁师专数学科@d1980
215    @a101页@d26cm
606 0  @a初等数学
690    @aO123-44@v3
701  0 @a蓝莫@Alan mo@4编
801  0 @aCN@bPFT@c20060819
905    @a10447@dO123-44@e62
    
    几何证题探讨/蓝莫编.-南宁:广西南宁师专数学科,1980
    101页;26cm
    
    
    ISBN :CNY1.04
    
●
相关链接 在E读中查询图书 在五车中查询图书 在当当中查询图书 在豆瓣中查询图书


正题名:几何证题探讨     索取号:O123-44/62         预约/预借

序号 登录号 条形码 馆藏地/架位号 状态 备注
1 0468848   204688481   密集书库/ [索取号:O123-44/62] 在馆    
2 0468849   204688490   密集书库/ [索取号:O123-44/62] 在馆    
唐山师范学院图书馆 欢迎您!
大连网信软件有限公司© 版权所有